000 00439nam a2200181Ia 4500
003 OSt
005 20230607181138.0
008 210423s2008 xx 000 0 und d
040 _cAL
041 _aeng
082 _a658.404
_223
_bBAGP
100 _aBAGULEY (Phil).
_9115916
245 _aProject management.
260 _aLondon
_bHodden Education
_c2008
365 _b250
_cINR
906 _amanagement. ; Project
942 _2ddc
_cBK
999 _c175358
_d175358